Batman arkham bosses - Statistics

General Stats
  • This quiz has been taken 654 times
  • The average score is 32 of 45
Answer Stats
Hint Answer % Correct
City Joker
99%
Origins Joker
99%
Knight Joker
99%
Dlc knight Joker
99%
Asylum Bane
93%
Origins Bane
93%
Asylum Scarecrow
91%
City Mr freeze
90%
Asylum Croc
89%
Origins Croc
89%
Dlc knight Croc
89%
Asylum Poison ivy
89%
Dlc city Harley quinn
85%
Origins Death stroke
84%
Side mission knight Death stroke
84%
Side mission knight Penguin
84%
Side mission city Riddler
83%
Side mission knight Riddler
83%
Dlc city Two face
82%
Side mission knight Two face
82%
City Ras al ghul
81%
Side mission city Dead shot
79%
Side mission origins Dead shot
79%
City Clay face
78%
Knight Arkham knight
76%
Dlc origins Mr freeze
76%
Origins Fire fly
73%
Side mission knight Fire fly
73%
Side mission origins Black mask
69%
Dlc knight Black mask
69%
Side mission city Mad hatter
68%
Asylum Joker titan
67%
Dlc knight Mad hatter
65%
City Solomon grundy
62%
Origins Copperhead
51%
Side mission knight Pyg
49%
Side mission origins Shiva
48%
Dlc origins Shiva
48%
Origins Electrocutioner
47%
Side mission origins Anarky
37%
Side mission origins Bird
28%
Dlc knight Nightwing
26%
Knight Albertking
21%
Knight Cloud burst
21%
Knight Johnny charisma
18%
No matching quizzes found
Score Distribution
Percent of People with Each Score
Percentile by Number Answered
Your Score History
You have not taken this quiz